|
|
|
|
| LEADER |
00000nam0a2200000 4500 |
| 001 |
68521 |
| 005 |
20231031074941.0 |
| 010 |
|
|
|a 5238006438
|
| 035 |
|
|
|a (RuTPU)RU\TPU\book\72971
|
| 090 |
|
|
|a 68521
|
| 100 |
|
|
|a 20041006d2004 m y0rusy50 ca
|
| 101 |
0 |
|
|a rus
|
| 102 |
|
|
|a RU
|
| 105 |
|
|
|a a j 001zy
|
| 200 |
1 |
|
|a Экологический менеджмент
|e учебное пособие для вузов
|f Л. Б. Залесский
|
| 210 |
|
|
|a Москва
|c ЮНИТИ
|d 2004
|
| 215 |
|
|
|a 220 с.
|c ил.
|
| 320 |
|
|
|a Библиогр.: с. 200-203.
|
| 330 |
|
|
|a Рассматриваются вопросы теории, анализа и практического воплощения экологического менеджмента, главным содержанием которого являются организация, управление и финансирование природоохранной деятельности. Особое внимание уделено экономико-экологическому понятию «устойчивое развитие» с позиций его мотивирования и обеспечения. Пособие содержит полезную информацию для занимающихся управлением охраной и улучшением состояния окружающей среды. Для студентов вузов и всех тех, кто занимается менеджментом, экономикой природопользования и промышленной экологией.
|
| 610 |
1 |
|
|a экология
|
| 610 |
1 |
|
|a управление
|
| 610 |
1 |
|
|a экологический мененджмент
|
| 610 |
1 |
|
|a экологическая среда
|
| 610 |
1 |
|
|a качество
|
| 610 |
1 |
|
|a природопользование
|
| 610 |
1 |
|
|a природоохранная деятельность
|
| 610 |
1 |
|
|a учебные пособия
|
| 686 |
|
|
|a У9(2)28я73
|v LBC/SL-A
|2 rubbk
|
| 700 |
|
1 |
|a Залесский
|b Л. Б.
|g Лев Борисович
|
| 801 |
|
1 |
|a RU
|b 63413507
|c 20041006
|g PSBO
|
| 801 |
|
2 |
|a RU
|b 63413507
|c 20091111
|g PSBO
|
| 900 |
|
|
|a Экологический менеджмент
|
| 900 |
|
|
|a Управление охраной окружающей среды
|
| 942 |
|
|
|c BK
|
| 951 |
|
|
|a 511100
|b 013100
|
| 959 |
|
|
|a 121/20041006
|d 1
|e 190
|f НФ:1
|
| 959 |
|
|
|a 17/20050218
|d 2
|e 68
|f АНЛ:1
|f НФ:1
|